<?xml version="1.0" encoding="UTF-8"?>
<marc:record xmlns:marc="http://www.loc.gov/MARC21/slim">
   <marc:leader>00000nam a2200000 a 4500</marc:leader>
   <marc:datafield ind1="1" ind2=" " tag="100">
      <marc:subfield code="a">Isaacson, Walter</marc:subfield>
      <marc:subfield code="4">aut</marc:subfield>
      <marc:subfield code="e">Verfasser/-in</marc:subfield>
   </marc:datafield>
   <marc:datafield ind1=" " ind2=" " tag="653">
      <marc:subfield code="a">Biografie</marc:subfield>
   </marc:datafield>
   <marc:datafield ind1=" " ind2=" " tag="653">
      <marc:subfield code="a">Biographie</marc:subfield>
   </marc:datafield>
   <marc:datafield ind1="0" ind2="0" tag="245">
      <marc:subfield code="a">Steve Jobs</marc:subfield>
   </marc:datafield>
   <marc:datafield ind1="0" ind2="0" tag="245">
      <marc:subfield code="b">die autorisierte Biografie des Apple-Gründers</marc:subfield>
   </marc:datafield>
   <marc:datafield ind1="0" ind2="0" tag="245">
      <marc:subfield code="c">Isaacson, Walter</marc:subfield>
   </marc:datafield>
   <marc:datafield ind1=" " ind2="1" tag="264">
      <marc:subfield code="a">München</marc:subfield>
      <marc:subfield code="b">Bertelsmann</marc:subfield>
      <marc:subfield code="c">2011</marc:subfield>
   </marc:datafield>
   <marc:datafield ind1=" " ind2=" " tag="250">
      <marc:subfield code="a">1. Aufl.</marc:subfield>
   </marc:datafield>
   <marc:datafield ind1="1" ind2=" " tag="520">
      <marc:subfield code="a">Die Biografie des Jahres über einen der revolutionärsten Entwickler der Welt&#xD;
Macintosh, iMac, iPod, iTunes, iPhone, iPad – Steve Jobs hat der digitalen Welt mit der Kultmarke Apple Ästhetik und Aura gegeben. Wo Bill Gates für solide Alltagsarbeit steht, war der Mann aus San Francisco die Stilikone des IT-Zeitalters, ein begnadeter Vordenker, der kompromisslos seiner Idee folgte. Genial und selbstbewusst hat er trotz ökonomischer und persönlicher Krisen den Apfel mit Biss (Bite) zum Synonym für Innovation und Vision gemacht. &#xD;
Doch wer war dieser Meister der Inszenierung, was trieb ihn an? Walter Isaacson gewann das Vertrauen des Apple-Chefs und konnte als erster Biograf während der langjährigen Recherchen auf seine uneingeschränkte Unterstützung ebenso bauen wie auf die seiner Familie, seiner Weggefährten und auch der Kontrahenten. Entstanden ist d a s Buch über Steve Jobs und sein Unternehmen – nicht nur für Apple-Fans.</marc:subfield>
   </marc:datafield>
   <marc:datafield ind1=" " ind2=" " tag="020">
      <marc:subfield code="a">9783570101247</marc:subfield>
      <marc:subfield code="9">9783570101247</marc:subfield>
   </marc:datafield>
   <marc:datafield ind1=" " ind2=" " tag="020">
      <marc:subfield code="a">357010124X</marc:subfield>
      <marc:subfield code="9">357010124X</marc:subfield>
   </marc:datafield>
   <marc:datafield ind1=" " ind2=" " tag="041">
      <marc:subfield code="a">ger</marc:subfield>
   </marc:datafield>
   <marc:datafield ind1=" " ind2=" " tag="300">
      <marc:subfield code="b">Ill.</marc:subfield>
   </marc:datafield>
   <marc:datafield ind1=" " ind2=" " tag="338">
      <marc:subfield code="a">Band</marc:subfield>
   </marc:datafield>
   <marc:datafield ind1=" " ind2=" " tag="300">
      <marc:subfield code="a">701 S.</marc:subfield>
   </marc:datafield>
</marc:record>
